000 00853nmm a2200277 a 4500
001 ocm000891449
003 TR-IsHL
005 20201028144601.0
008 141121s2010 tu tur
007 cr cn
020 _a9786055394059
035 _a891449
_b(N$T)
050 0 4 _aBF637.S8
_bT86 2010
090 0 4 _aBF637.S8
_bT86 2010
100 1 _aTunalı, Murat
245 1 0 _aUmudunu kaybetme
_h[electronic resource] /
_cMurat Tunalı
250 _a1. bs.
260 _aİstanbul :
_bYediveren Yayınları,
_c2010
300 _a240 p.
650 4 _aFelsefe, Psikoloji ve Din
650 4 _aPhilosophy, Psychology and Religion
650 0 _aBaşarı
650 0 _aSuccess
650 7 _aSELF-HELP / Personal Growth / Success
_2bisacsh
856 4 0 _uhttp://search.ebscohost.com/login.aspx?direct=true&scope=site&db=e011xww&AN=891449
999 _c9502
_d9502